सूर श्याम : (Record no. 114690)

MARC details
000 -LEADER
fixed length control field 01138nam a22002537a 4500
005 - DATE AND TIME OF LATEST TRANSACTION
control field 20170124103012.0
010 ## - LIBRARY OF CONGRESS CONTROL NUMBER
LC control number A-655262
020 ## - INTERNATIONAL STANDARD BOOK NUMBER
Terms of availability 51.00
035 ## - SYSTEM CONTROL NUMBER
System control number A-655262
037 ## - SOURCE OF ACQUISITION
Source of stock number/acquisition Cen Lib/Ret
040 ## - CATALOGING SOURCE
Original cataloging agency DPL
Language of cataloging HN
082 ## - DEWEY DECIMAL CLASSIFICATION NUMBER
Classification number
Item number भटना
100 ## - MAIN ENTRY--PERSONAL NAME
Personal name भटनागर, राजेंद्र मोहन
9 (RLIN) 44709
245 ## - TITLE STATEMENT
Title सूर श्याम :
Statement of responsibility, etc राजेंद्र मोहन भटनागर
Remainder of title महाकवि सूर के जीवन पर आधारित उपन्यास /
246 ## - VARYING FORM OF TITLE
Title proper/short title Soor shyam : mahakvi soor ke jeevan par adharit upanyas /
Remainder of title by Rajendra Mohan Bhatnagar
260 ## - PUBLICATION, DISTRIBUTION, ETC. (IMPRINT)
Place of publication, distribution, etc अजमेर
Name of publisher, distributor, etc कृष्णा ब्रोदेर्स
Date of publication, distribution, etc 1992
270 ## - ADDRESS
Address महात्मा गाँधी मार्ग
City अजमेर
300 ## - PHYSICAL DESCRIPTION
Extent 125पृ.
Dimensions 16सेमी(सजिल्द )
650 ## - SUBJECT ADDED ENTRY--TOPICAL TERM
Topical term or geographic name as entry element हिंदी साहित्य
General subdivision
Geographic subdivision
9 (RLIN) 57877
650 ## - SUBJECT ADDED ENTRY--TOPICAL TERM
Topical term or geographic name as entry element हिंदी उपन्यास
9 (RLIN) 57878
650 ## - SUBJECT ADDED ENTRY--TOPICAL TERM
Topical term or geographic name as entry element Hindi literature
Form subdivision
9 (RLIN) 57879
650 ## - SUBJECT ADDED ENTRY--TOPICAL TERM
Topical term or geographic name as entry element Hindi fiction
9 (RLIN) 27248
942 ## - ADDED ENTRY ELEMENTS (KOHA)
Source of classification or shelving scheme Dewey Decimal Classification
Koha item type Hindi Books
Classification part
Call number suffix भटना
Holdings
Withdrawn status Lost status Damaged status Not for loan Home library Current library Date acquired Source of acquisition Cost, normal purchase price Total Checkouts Full call number Barcode Date last seen Copy number Cost, replacement price Price effective from Koha item type Public note
Written off       Central Library Central Library 18/08/2015 Cen Lib/Ret 51.00   उ भटना A-655262 18/08/2015 1 51.00 18/08/2015 Hindi Books Written off on approval by DLB (By Circulation); dtd 15-06-2023

© Delhi Public Library
Hit Counter
free hit counter